| 000 | 00435nam a2200157Ia 4500 | ||
|---|---|---|---|
| 001 | 5780 | ||
| 008 | 140319s9999 xx 000 0 und d | ||
| 040 | _cPK-LaUMT | ||
| 082 |
_a 320.95491 _bZAH-P |
||
| 100 | _aZahid Chaudhry | ||
| 245 |
_aPakistan ki siyasi tareekh : Bangali muslamanun ka tahreek-e _cZahid Chaudhry |
||
| 260 |
_aLahore,Pakistan: _bIdarah Mutbuaat Tulbah, _c1996 |
||
| 300 | _a539 (v-9) | ||
| 546 | _aEN | ||
| 942 | _cBK | ||
| 999 |
_c7013 _d7013 |
||